000 00583nab a2200145 4500
003 ES-SlBCS
005 20220907161509.0
008 160413s2012 po ||||| |||| 00| 0 por d
040 _aES-SlBCS
_bspa
100 1 _aFreitas da Silva, Claudinei Aparecido de
_9210077
245 1 2 _aO retorno ao mundo da vida
_b: Merleau-Ponty, leitor de Husserl
_cClaudinei Aparecido de Freitas da Silva
600 0 _aHusserl, Edmund
_d, 1859-1938
_xCrítica e interpretación
_9120926
773 0 _gVol. 21, Nº 41, 2012, págs. 11-32
_tRevista Filosófica de Coimbra
_wRev971
_x0872-0851
942 _2lcc
_cAR
999 _c856855
_d856855